000 00799cab a2200193 4500
001 WB2242-46
008 090401t1986 xxu||||| |||| 00| 0 eng d
035 _a(Sirsi) u8489
041 _aeng
245 _aMinerals and rateable occupation
260 _c1986
350 _a0
490 _aEstates Gazette
_vvol 280 no 6306, 18/10/86 p365
520 _aDiscusses rateable occupation with regard to mineral extraction and refers to caselaw, in particular the decision in Bartlett (VO) v Reservoir Aggregates Ltd CA 31 July 1985, (Abs35371) in which the company contested rating assessments in respect of work being carried out on a reservoir which involved the dredging and deepening of it.
650 _aGRAVEL EXTRACTION
690 _aRATING AND VALUATION
942 _n0
948 _c04/03/1997
999 _c5235
_d5235